| 000 | 01304nam a2200265Ia 4500 | ||
|---|---|---|---|
| 999 |
_c54645 _d54645 |
||
| 001 | 21712 | ||
| 003 | GE_BSU | ||
| 005 | 20211217170340.0 | ||
| 008 | 181216s ||||ge |||||||||||||| ||geo|| | ||
| 040 | _cGE_BSU | ||
| 041 | _ageo | ||
| 080 | _a811.353.1'367(076.1) ღ-73 | ||
| 100 |
_aღლონტი, ალ. _91038 |
||
| 245 |
_aქართული წინადადება : სავარჯიშო მასალა სინტაქსში : _bდამხმ. სახელმძღვ. პედ. ინსტიტუტის სტუდენტებისათვის / _cალ. ღლონტი ; რედ. ნ. სუხიტაშვილი. |
||
| 250 | _aმე-3 შევსებული გამოცემა | ||
| 264 |
_aთბილისი : _bგანათლება, _c1978. |
||
| 300 |
_a246 გვ. ; _c22 სმ. |
||
| 541 | _h1ლ. 32თ. | ||
| 653 | _aქართული ენა | ||
| 653 | _aქართული წინადადება | ||
| 653 | _a სინტაქსი | ||
| 653 | _aწინადადება ქართულ ენაში - სავარჯიშოები | ||
| 700 |
_aსუხიტაშვილი, ნ. _eრედაქტორი _913302 |
||
| 942 |
_cBK _2udc |
||